Groups of One through Twelve #2 - Statistics

General Stats
  • This quiz has been taken 72 times
  • The average score is 27 of 78
Answer Stats
Group Name Answer % Correct
4. Assassinated U.S. Presidents John F. Kennedy
92%
4. Assassinated U.S. Presidents Abraham Lincoln
90%
8. Colors on Equatorial Guinea's flag Blue
83%
8. Colors on Equatorial Guinea's flag Green
83%
8. Colors on Equatorial Guinea's flag Red
83%
8. Colors on Equatorial Guinea's flag Yellow
82%
8. Colors on Equatorial Guinea's flag Black
80%
8. Colors on Equatorial Guinea's flag White
80%
1. Czech-Majority Countries Czechia
78%
5. Mathematical Constants in Euler's identity π
73%
2. Members of Simon & Garfunkel Art Garfunkel
68%
5. Mathematical Constants in Euler's identity i
68%
12. Retro Mainline Mario games playable on Switch Super Mario Land
68%
4. Assassinated U.S. Presidents James Garfield
65%
2. Members of Simon & Garfunkel Paul Simon
65%
9. Core McDonald's Sauce Packets Tangy Barbecue
62%
4. Assassinated U.S. Presidents William McKinley
62%
7. Swing States in 2024 Georgia
60%
9. Core McDonald's Sauce Packets Ketchup
60%
7. Swing States in 2024 Pennsylvania
60%
5. Mathematical Constants in Euler's identity e
58%
7. Swing States in 2024 Arizona
57%
7. Swing States in 2024 Michigan
57%
10. Islands Larger than Sulawesi Greenland
55%
8. Colors on Equatorial Guinea's flag Brown
50%
7. Swing States in 2024 Nevada
48%
7. Swing States in 2024 North Carolina
48%
7. Swing States in 2024 Wisconsin
43%
8. Colors on Equatorial Guinea's flag Gray
42%
10. Islands Larger than Sulawesi Madagascar
42%
10. Islands Larger than Sulawesi Borneo
37%
10. Islands Larger than Sulawesi Great Britain
37%
10. Islands Larger than Sulawesi Honshu
37%
9. Core McDonald's Sauce Packets Honey
35%
9. Core McDonald's Sauce Packets Ranch
35%
9. Core McDonald's Sauce Packets Sweet ‘N Sour
33%
9. Core McDonald's Sauce Packets Mayonnaise
32%
3. Kanye's College Trilogy Graduation
27%
9. Core McDonald's Sauce Packets Honey Mustard
27%
10. Islands Larger than Sulawesi Sumatra
27%
10. Islands Larger than Sulawesi Baffin Island
25%
12. Retro Mainline Mario games playable on Switch Super Mario Bros.
22%
5. Mathematical Constants in Euler's identity 1
20%
10. Islands Larger than Sulawesi Ellesmere Island
20%
10. Islands Larger than Sulawesi New Guinea
20%
9. Core McDonald's Sauce Packets Spicy Buffalo
20%
3. Kanye's College Trilogy The College Dropout
18%
10. Islands Larger than Sulawesi Victoria Island
18%
6. Wallace & Gromit entries The Wrong Trousers
17%
5. Mathematical Constants in Euler's identity 0
15%
6. Wallace & Gromit entries A Grand Day Out
15%
3. Kanye's College Trilogy Late Registration
15%
11. Municipalities of Liechtenstein Vaduz
15%
12. Retro Mainline Mario games playable on Switch Super Mario Bros. 2
13%
12. Retro Mainline Mario games playable on Switch Super Mario Bros. 3
13%
6. Wallace & Gromit entries The Curse of the Were-Rabbit
13%
12. Retro Mainline Mario games playable on Switch Super Mario World
12%
6. Wallace & Gromit entries A Close Shave
10%
12. Retro Mainline Mario games playable on Switch Super Mario 64
10%
6. Wallace & Gromit entries A Matter of Loaf and Death
8%
9. Core McDonald's Sauce Packets Hot Mustard
7%
12. Retro Mainline Mario games playable on Switch Super Mario Galaxy
7%
12. Retro Mainline Mario games playable on Switch Super Mario Land 2: 6 Golden Coins
7%
12. Retro Mainline Mario games playable on Switch Super Mario Sunshine
7%
12. Retro Mainline Mario games playable on Switch Super Mario Bros.: The Lost Levels
5%
6. Wallace & Gromit entries Vengeance Most Fowl
5%
11. Municipalities of Liechtenstein Schaan
3%
12. Retro Mainline Mario games playable on Switch Super Mario 3D World
3%
11. Municipalities of Liechtenstein Triesen
3%
11. Municipalities of Liechtenstein Balzers
2%
11. Municipalities of Liechtenstein Eschen
2%
11. Municipalities of Liechtenstein Gamprin
2%
11. Municipalities of Liechtenstein Mauren
2%
12. Retro Mainline Mario games playable on Switch New Super Mario Bros. U
2%
11. Municipalities of Liechtenstein Planken
2%
11. Municipalities of Liechtenstein Ruggell
2%
11. Municipalities of Liechtenstein Schellenberg
2%
11. Municipalities of Liechtenstein Triesenberg
2%
No matching quizzes found
Score Distribution
Percent of People with Each Score
Percentile by Number Answered
Your Score History
You have not taken this quiz